Prefijos telefónicos por comunidades - Estadísticas

Estadísticas generales
  • Esta prueba ha sido intentada 30 veces
  • La puntuación promedio es 11 de 52
Estadísticas de respuestas
Hint Respuesta % Correcto
Madrid 91
72%
Barcelona 93
68%
Sevilla 95
44%
Álava 945
36%
Asturias 98
36%
Vizcaya 94
32%
Almería 950
28%
Alicante 96
28%
Valencia 96
28%
Castellón 964
28%
Guipuzkoa 943
24%
Burgos 947
24%
Navarra 948
24%
Jaén 953
24%
Córdoba 957
24%
Granada 958
24%
Albacete 967
24%
La Coruña 981
24%
Badajoz 924
20%
Ciudad Real 926
20%
La Rioja 941
20%
Cantabria 942
20%
Málaga 95
20%
Cádiz 956
20%
Ceuta 956
20%
Huelva 959
20%
Cuenca 969
20%
Islas Baleares 971
20%
Girona 972
20%
Lugo 982
20%
Pontevedra 986
20%
Ávila 920
16%
Santa Cruz de Tenerife 922
16%
Toledo 925
16%
Cáceres 927
16%
Las Palmas 928
16%
Melilla 95
16%
Murcia 968
16%
Lleida 973
16%
Huesca 974
16%
Zaragoza 976
16%
Tarragona 977
16%
Teruel 978
16%
León 987
16%
Segovia 921
12%
Soria 975
12%
Ourense 988
12%
Salamanca 923
8%
Guadalajara 949
8%
Palencia 979
8%
Zamora 980
8%
Valladolid 983
8%
No se encontraron pruebas coincidentes
Distribución de puntuación
Porcentaje de gente con cada puntuación
Porcentaje por número respondido
Historial de tus puntuaciones
No has intentado esta prueba.